Présidentielle 2022 : Liste des candidats officiels - Statistiques

Statistiques générales
  • Ce quiz a été pris 5 377 fois
  • Le résultat moyen est 8 sur 12
Statistiques - réponses
Parti Candidat % Correct
La République en Marche Emmanuel Macron
88%
Rassemblement National Marine Le Pen
86%
La France Insoumise Jean-Luc Mélenchon
83%
Reconquête Eric Zemmour
82%
Nouveau Parti Anticapitaliste Philippe Poutou
79%
Les Républicains Valérie Pécresse
70%
Parti Socialiste Anne Hidalgo
67%
Lutte Ouvrière Nathalie Arthaud
64%
Parti Communiste Français Fabien Roussel
63%
Europe Ecologie Les Verts Yannick Jadot
63%
Debout la France Nicolas Dupont-Aignan
56%
Résistons Jean Lassalle
45%
Aucun quiz correspondant
Distribution des résultats
% des personnes avec chaque résultat
Percentile par nombre de réponses
Votre historique - résultats
Vous n’avez pas pris ce quiz